<?xml version="1.0" encoding="UTF-8"?>
<marc:record xmlns:marc="http://www.loc.gov/MARC21/slim">
   <marc:leader>00000nam a2200000 a 4500</marc:leader>
   <marc:datafield ind1="1" ind2=" " tag="100">
      <marc:subfield code="a">Ursula Barff</marc:subfield>
   </marc:datafield>
   <marc:datafield ind1=" " ind2=" " tag="653">
      <marc:subfield code="a">Verkleiden</marc:subfield>
   </marc:datafield>
   <marc:datafield ind1=" " ind2=" " tag="653">
      <marc:subfield code="a">Schminken</marc:subfield>
   </marc:datafield>
   <marc:datafield ind1=" " ind2=" " tag="653">
      <marc:subfield code="a">Fasching</marc:subfield>
   </marc:datafield>
   <marc:datafield ind1="0" ind2="0" tag="245">
      <marc:subfield code="a">Schminken und Verkleiden</marc:subfield>
   </marc:datafield>
   <marc:datafield ind1="0" ind2="0" tag="245">
      <marc:subfield code="b">rund ums Jahr</marc:subfield>
   </marc:datafield>
   <marc:datafield ind1=" " ind2="1" tag="264">
      <marc:subfield code="a">Wien</marc:subfield>
      <marc:subfield code="b">Buchgemeinschaft Donauland</marc:subfield>
      <marc:subfield code="c">1998</marc:subfield>
   </marc:datafield>
   <marc:datafield ind1="1" ind2=" " tag="520">
      <marc:subfield code="a">30 Schmink- und Verkleidungsideen - Mit Spielvorschlägen, Liedern und Bastelideen - Kurzinfos zu Material, Zeitaufwand, Alterstufe und Teilnehmerzahl - Für Kinder ab 4 JahrenKinder schlüpfen gern in fremde Rollen, sei es zur Faschingszeit, beim Sommerfest oder einfach ganz spontan während eines Spiels mit Freunden und Geschwistern. Dieses Buch bietet vielfältige Anregungen für solche Verwandlungen sowie zahlreiche Tipps, damit alle Aktionen gut gelingen. Die rund 30 Schmink- und Verkleidungsideen sind ergänzt durch passende Spielvorschläge, Lieder und Bastelideen, abgestimmt auf die jeweilige Jahreszeit. Viele Vorschläge eignen sich auch für Gruppenaktivitäten. Die ausführlichen Anleitungen sind durch die Schritt-für-Schritt-Fotos oder Zeichnungen besonders anschaulich. Als übersichtliche Kurzinformationen sind direkt neben jedem Vorschlag aufgelistet: benötigte Materialien, Zeitaufwand, geeignete Altersstufe, Anzahl der Teilnehmer. Mit Vorlagebogen und wertvollen Tipps für die erwachsenen Betreuer.</marc:subfield>
   </marc:datafield>
   <marc:datafield ind1=" " ind2=" " tag="300">
      <marc:subfield code="a">111 S. : zahlr. Ill.</marc:subfield>
   </marc:datafield>
</marc:record>
